000 00421nam a2200121Ia 4500
008 220512s9999 xx 000 0 eng d
100 _aPathak, Jharna
245 0 _aAgroforestry in tribal areas of Gujarat: Move towards sustainable agriculture /
_cPathak, Jharna
260 _aAhmedabad :
_bGujarat Institute of Development Research,
_cJun-12
500 _aAhmedabad Working paper No 203
546 _aEnglish
942 _cPR
999 _c36702
_d36702